Gaming Quiz

Random Gaming or Pokémon Quiz

First 300 Pokémon in the Pokédex Quiz Stats

Quiz not verified by Sporcle

Challenge
Share
Tweet
Embed
Score 0/300 Timer 13:00
0 Plays Today
Pokédex Number Pokémon % Correct
001Bulbasaur
95.7%
002Ivysaur
95.7%
003Venusaur
91.3%
004Charmander
91.3%
007Squirtle
91.3%
006Charizard
91.3%
008Wartortle
91.3%
009Blastoise
91.3%
025Pikachu
91.3%
026Raichu
91.3%
005Charmeleon
87%
010Caterpie
87%
011Metapod
87%
012Butterfree
87%
013Weedle
87%
014Kakuna
87%
015Beedrill
87%
022Fearow
87%
023Ekans
87%
024Arbok
87%
027Sandshrew
87%
150Mewtwo
87%
151Mew
87%
016Pidgey
82.6%
017Pidgeotto
82.6%
018Pidgeot
82.6%
021Spearow
82.6%
028Sandslash
82.6%
039Jigglypuff
82.6%
040Wigglytuff
82.6%
123Scyther
82.6%
146Moltres
82.6%
250Ho-oh
82.6%
031Nidoqueen
78.3%
034Nidoking
78.3%
035Clefairy
78.3%
041Zubat
78.3%
042Golbat
78.3%
050Diglett
78.3%
051Dugtrio
78.3%
059Arcanine
78.3%
060Poliwag
78.3%
061Poliwhirl
78.3%
063Abra
78.3%
064Kadabra
78.3%
065Alakazam
78.3%
066Machop
78.3%
067Machoke
78.3%
068Machamp
78.3%
092Gastly
78.3%
093Haunter
78.3%
144Articuno
78.3%
145Zapdos
78.3%
148Dragonair
78.3%
149Dragonite
78.3%
244Entei
78.3%
245Suicune
78.3%
019Rattata
73.9%
020Raticate
73.9%
029Nidoran♀
73.9%
030Nidorina
73.9%
032Nidoran♂
73.9%
033Nidorino
73.9%
036Clefable
73.9%
058Growlithe
73.9%
062Poliwrath
73.9%
074Geodude
73.9%
076Golem
73.9%
086Seel
73.9%
094Gengar
73.9%
095Onix
73.9%
100Voltorb
73.9%
101Electrode
73.9%
106Hitmonlee
73.9%
107Hitmonchan
73.9%
125Electabuzz
73.9%
126Magmar
73.9%
147Dratini
73.9%
249Lugia
73.9%
038Ninetales
69.6%
045Vileplume
69.6%
046Paras
69.6%
047Parasect
69.6%
048Venonat
69.6%
049Venomoth
69.6%
052Meowth
69.6%
053Persian
69.6%
075Graveler
69.6%
087Dewgong
69.6%
096Drowzee
69.6%
097Hypno
69.6%
104Cubone
69.6%
105Marowak
69.6%
109Koffing
69.6%
110Weezing
69.6%
111Rhyhorn
69.6%
112Rhydon
69.6%
113Chansey
69.6%
129Magikarp
69.6%
130Gyarados
69.6%
Pokédex Number Pokémon % Correct
133Eevee
69.6%
155Cyndaquil
69.6%
158Totodile
69.6%
159Croconaw
69.6%
160Feraligatr
69.6%
174Igglybuff
69.6%
201Unown
69.6%
239Elekid
69.6%
240Magby
69.6%
243Raikou
69.6%
251Celebi
69.6%
037Vulpix
65.2%
043Oddish
65.2%
044Gloom
65.2%
054Psyduck
65.2%
055Golduck
65.2%
056Mankey
65.2%
057Primeape
65.2%
079Slowpoke
65.2%
080Slowbro
65.2%
081Magnemite
65.2%
082Magneton
65.2%
102Exeggcute
65.2%
103Exeggutor
65.2%
119Seaking
65.2%
120Staryu
65.2%
124Jynx
65.2%
131Lapras
65.2%
135Jolteon
65.2%
136Flareon
65.2%
139Omastar
65.2%
152Chikorita
65.2%
153Bayleef
65.2%
154Meganium
65.2%
161Sentret
65.2%
163Hoothoot
65.2%
162Furret
65.2%
165Ledyba
65.2%
166Ledian
65.2%
172Pichu
65.2%
173Cleffa
65.2%
175Togepi
65.2%
176Togetic
65.2%
208Steelix
65.2%
212Scizor
65.2%
213Shuckle
65.2%
223Remoraid
65.2%
237Hitmontop
65.2%
069Bellsprout
60.9%
070Weepinbell
60.9%
071Victreebel
60.9%
072Tentacool
60.9%
073Tentacruel
60.9%
077Ponyta
60.9%
078Rapidash
60.9%
084Doduo
60.9%
085Dodrio
60.9%
089Muk
60.9%
091Cloyster
60.9%
098Krabby
60.9%
099Kingler
60.9%
115Kangaskhan
60.9%
116Horsea
60.9%
122Mr. Mime
60.9%
121Starmie
60.9%
127Pinsir
60.9%
134Vaporeon
60.9%
138Omanyte
60.9%
142Aerodactyl
60.9%
164Noctowl
60.9%
168Ariados
60.9%
169Crobat
60.9%
170Chinchou
60.9%
179Mareep
60.9%
180Flaaffy
60.9%
181Ampharos
60.9%
183Marill
60.9%
184Azumarill
60.9%
187Hoppip
60.9%
196Espeon
60.9%
197Umbreon
60.9%
199Slowking
60.9%
204Pineco
60.9%
224Octillery
60.9%
230Kingdra
60.9%
236Tyrogue
60.9%
238Smoochum
60.9%
242Blissey
60.9%
088Grimer
56.5%
090Shellder
56.5%
114Tangela
56.5%
117Seadra
56.5%
118Goldeen
56.5%
137Porygon
56.5%
140Kabuto
56.5%
141Kabutops
56.5%
143Snorlax
56.5%
156Quilava
56.5%
157Typhlosion
56.5%
171Lanturn
56.5%
Pokédex Number Pokémon % Correct
182Bellossom
56.5%
185Sudowoodo
56.5%
186Politoed
56.5%
188Skiploom
56.5%
189Jumpluff
56.5%
191Sunkern
56.5%
194Wooper
56.5%
202Wobbuffet
56.5%
203Girafarig
56.5%
205Forretress
56.5%
214Heracross
56.5%
215Sneasel
56.5%
225Delibird
56.5%
229Houndoom
56.5%
233Porygon2
56.5%
255Torchic
56.5%
257Blaziken
56.5%
258Mudkip
56.5%
265Wurmple
56.5%
266Silcoon
56.5%
267Beautifly
56.5%
268Cascoon
56.5%
276Taillow
56.5%
277Swellow
56.5%
298Azurill
56.5%
083Farfetch'd
52.2%
108Lickitung
52.2%
128Tauros
52.2%
132Ditto
52.2%
177Natu
52.2%
178Xatu
52.2%
192Sunflora
52.2%
195Quagsire
52.2%
198Murkrow
52.2%
200Misdreavus
52.2%
206Dunsparce
52.2%
209Snubbull
52.2%
210Granbull
52.2%
220Swinub
52.2%
221Piloswine
52.2%
222Corsola
52.2%
226Mantine
52.2%
227Skarmory
52.2%
228Houndour
52.2%
246Larvitar
52.2%
247Pupitar
52.2%
252Treecko
52.2%
253Grovyle
52.2%
254Sceptile
52.2%
256Combusken
52.2%
259Marshtomp
52.2%
260Swampert
52.2%
262Mightyena
52.2%
261Poochyena
52.2%
263Zigzagoon
52.2%
264Linoone
52.2%
269Dustox
52.2%
270Lotad
52.2%
271Lombre
52.2%
272Ludicolo
52.2%
273Seedot
52.2%
274Nuzleaf
52.2%
275Shiftry
52.2%
167Spinarak
47.8%
190Aipom
47.8%
193Yanma
47.8%
207Gligar
47.8%
211Qwilfish
47.8%
216Teddiursa
47.8%
217Ursaring
47.8%
218Slugma
47.8%
219Magcargo
47.8%
234Stantler
47.8%
235Smeargle
47.8%
241Miltank
47.8%
278Wingull
47.8%
279Pelipper
47.8%
280Ralts
47.8%
281Kirlia
47.8%
283Surskit
47.8%
284Masquerain
47.8%
285Shroomish
47.8%
286Breloom
47.8%
293Whismur
47.8%
294Loudred
47.8%
295Exploud
47.8%
231Phanpy
43.5%
232Donphan
43.5%
248Tyranitar
43.5%
282Gardevoir
43.5%
290Nincada
43.5%
291Ninjask
43.5%
292Shedinja
43.5%
296Makuhita
43.5%
300Skitty
43.5%
297Hariyama
39.1%
299Nosepass
39.1%
287Slakoth
34.8%
288Vigoroth
34.8%
289Slaking
34.8%

You're not logged in!

Compare scores with friends on all Sporcle quizzes.
Join for Free
OR
Log In

You Might Also Like...

Show Comments

Extras

Created May 1, 2015ReportNominate
Tags:Pokémon Quiz, 300, generation

Top Quizzes Today


Score Distribution

Your Account Isn't Verified!

In order to create a playlist on Sporcle, you need to verify the email address you used during registration. Go to your Sporcle Settings to finish the process.

Report this User

Report this user for behavior that violates our Community Guidelines.

Details: